| 000 | 00383nam a2200121 4500 | ||
|---|---|---|---|
| 999 |
_c10578 _d10578 |
||
| 008 | 180906b ||||| |||| 00| 0 eng d | ||
| 100 |
_930976 _aTorregoza, Hannah L. |
||
| 245 |
_aImproved internet connection pressed to generate more jobs/ _cHannah L. Torregoza |
||
| 260 |
_aPhilippines _bManila Bulletin _cc2017 |
||
| 300 | _apage 4. | ||
| 650 | 0 |
_930977 _aInternet. |
|
| 942 |
_2ddc _cPER |
||